[Event "Kragero Resort Chess A 2019"]
[Site "Kragero"]
[Date "2019.02.24"]
[Round "9.25"]
[White "Sebastian, Andreas"]
[Black "Birkisson, Bardur Orn"]
[Result "0-1"]
[WhiteElo "1962"]
[BlackElo "2233"]
[Annotator "TA"]
[PlyCount "82"]
[EventDate "2019.02.20"]
[EventType "swiss"]
[EventCountry "NOR"]
[SourceTitle "playchess.com"]
[Source "ChessBase"]
[SourceQuality "1"]

{[%evp 15,82,0,0,0,0,5,21,13,2,0,16,-66,0,-5,-13,-13,-13,-10,-9,-6,14,0,-11,-97,-54,-42,-27,-59,-66,-218,-203,-252,-249,-259,-249,-616,-252,-242,-238,-212,-223,-216,-166,-166,-162,-237,-229,-402,0,-252,0,-404,-407,-376,-353,-543,-431,-599,-606,-678,-656,-29975,-29969,-29990,-29990,-29990,-1942,-1027,-1027]} 1. d4 d5 2. Bf4 Nf6 3. e3 c5 4. c3 Nc6 5. Nd2 e6 6. Ngf3 Bd6 7. Bg3 O-O 8. Bd3 b6 9. Qe2 {D02: 1 d4 d5 2 Nf3 sidelines, including 2...Nf6 3 g3 and 2...Nf6 3 Bf4} Bb7 10. e4 (10. Rd1 Re8 11. e4 Be7 12. e5 Nh5 13. h4 cxd4 14. Nxd4 Nxg3 15. fxg3 Bc5 16. N2f3 f5 {½-½ (45) Esipenko,A (2593)-Karjakin,S (2753) St Petersburg 2018}) 10... dxe4 11. Nxe4 {The position is equal.} Nxe4 12. Qxe4 {[%csl Gd3][%cal Re4h7]} g6 13. Bh4 (13. O-O-O $11) 13... Be7 ({Black should try} 13... Qc8 $15 14. dxc5 Ne5 {[%mdl 64] Pin}) 14. Bxe7 $11 Qxe7 15. dxc5 Qxc5 16. O-O Rfd8 17. Rad1 Rd7 $146 ({Predecessor:} 17... Qe7) 18. Qf4 {And now Bxg6! would win.} Rad8 19. Ng5 (19. Bc2 $11 {keeps the balance.}) 19... Qe5 20. Qh4 $1 h5 21. Rde1 Qf6 $1 22. Bc4 $2 {[#]} ({White must play} 22. Be4 $15) 22... Ne5 $1 $19 {[%cal Re5c4]} 23. Bb3 {next Qg3 is good for White.} Nd3 24. Re3 Nf4 ({Don't do} 24... Nxb2 25. Qg3 $17) 25. g3 $2 (25. Nf3 Qxh4 26. Nxh4) 25... Qxg5 (25... Ng2 $142 26. Rxe6 fxe6) 26. Qxf4 Qxf4 $40 {[%mdl 128] Black goes for the king.} 27. gxf4 Rd2 28. Rb1 Kg7 29. Kf1 Kf6 30. Re5 (30. Ke1 $142) 30... R2d3 31. Re3 $2 (31. Ree1) 31... Rd2 32. Re5 $1 R2d3 $2 (32... R8d3 33. Ke1 Bf3) 33. Re3 $1 {[#]} Rxe3 $1 34. fxe3 {[%mdl 4096] Endgame KRB-KRB} Rd2 35. Re1 (35. h3 $142) 35... Be4 36. Rd1 Rxh2 37. Rd7 h4 38. Rxa7 h3 39. Ba4 Rxb2 40. Be8 Kf5 (40... Kg7 $142 41. Rxf7+ Kg8 42. Rd7 h2 43. Bf7+ Kg7 44. Bg8+ {[%mdl 64] Decoy} Kxg8 45. Rd8+ Kh7 46. Rd7+ Kh6 47. Rd2 Rxd2 48. Ke1 Rxa2 49. Kf1 h1=Q#) 41. Rxf7+ Kg4 {Accuracy: White = 35%, Black = 49%.} 0-1

[Event "Kragero Resort Chess A 2019"]
[Site "Kragero"]
[Date "2019.02.24"]
[Round "9.26"]
[White "Flasen, Aleksander"]
[Black "Vitenberg, Noam Aviv"]
[Result "0-1"]
[WhiteElo "2036"]
[BlackElo "2180"]
[Annotator "TA"]
[PlyCount "182"]
[EventDate "2019.02.20"]
[EventType "swiss"]
[EventCountry "NOR"]
[SourceTitle "playchess.com"]
[Source "ChessBase"]
[SourceQuality "1"]

{[%evp 20,181,0,0,7,8,0,0,0,0,13,0,4,0,0,-16,0,-54,-11,0,-4,-71,-69,-108,-97,-156,-42,-43,-13,-13,-5,0,0,0,0,-17,-26,-91,-91,-97,-106,-157,-176,-170,-172,-160,-168,-176,-173,-201,-100,-139,-124,-120,-122,-160,-103,-106,-43,-64,-59,-62,-62,-134,-82,-78,-68,-82,-72,-67,-69,-70,-23,-162,-39,-37,-37,-54,0,0,0,0,0,0,0,-697,-31,-88,-72,-731,0,0,0,-731,-723,-685,-660,-639,-543,-652,-643,-1120,-1743,-1260,-1255,-703,-480,-12788,-9997,-3102,-3519,-5206,-5525,-2726,-1038,-1672,-1584,-1383,-1312,-5903,-5850,-5080,-5058,-5018,-5010,-29973,-29974,-29980,-29981,-29981,-29982,-29990,-29987,-29990,-29985,-29985,-29985,-29985,-29986,-29988,-29982,-29982,-29980,-29989,-29990,-29994,-29995,-29995,-29995,-29995,-29995,-29996,-29996,-29996,-29995,-29995,-29996,-29996,-29997,-29997,-29998,-29998,-29999,-29999]} 1. e4 c6 2. d4 d5 3. Nc3 dxe4 4. Nxe4 Bf5 5. Ng3 Bg6 6. h4 h6 7. Nf3 Nd7 8. h5 Bh7 9. Bd3 Bxd3 10. Qxd3 e6 11. Bf4 Qa5+ {B19: Classical Caro-Kann: 4...Bf5 main line} 12. Bd2 Bb4 13. c3 Bd6 {The position is equal.} 14. c4 Qc7 15. Ne4 Ngf6 16. Nxd6+ Qxd6 17. O-O-O {[#]} O-O $146 ({Predecessor:} 17... b5 18. cxb5 cxb5 19. Qxb5 Rb8 20. Qe2 O-O 21. Kb1 Rb7 22. Rh3 Rfb8 23. Bc1 Rb5 24. Nd2 Qxd4 {0-1 (57) Sutovsky,E (2565)-Rogers,I (2575) Biel 1996}) 18. Bc3 (18. Rh4 $11) 18... Rab8 19. Ne5 b5 20. a3 (20. Rh4 $1 $11) 20... bxc4 $17 21. Qxc4 Rfc8 22. Nd3 (22. Rh3 $142) 22... Qd5 (22... Nd5 $17 23. Nc5 Rb5) 23. Qxd5 $1 $15 cxd5 24. f3 Ne8 25. Kd2 Nd6 $36 {[%mdl 2048] Black is more active.} 26. Rc1 Nc4+ 27. Ke2 Rb3 28. Bb4 (28. a4 $11 {keeps the balance.}) 28... Ndb6 $17 29. Rc3 Rxc3 30. bxc3 (30. Bxc3 $142 Na4 31. Rc1) 30... a5 $1 {[%cal Ra5b4]} 31. Be7 Na4 32. Nc5 Nxc3+ 33. Kd3 Nb5 34. a4 Na7 (34... Nb2+ $19 {is more deadly.} 35. Ke3 Na3) 35. Rb1 Nc6 36. Bh4 Nb4+ 37. Kc3 Nd6 (37... e5 $142 38. Bf2 Rb8) 38. Kd2 {[#]} Kf8 (38... e5 $1 $17 {[%mdl 512]} 39. Bf2 (39. dxe5 Nc4+) 39... f6) 39. Be1 $15 Ke7 40. g4 {[#]} e5 $1 {[%mdl 512]} 41. dxe5 ({White should play} 41. Ke2 $15) 41... Nc4+ (41... Rxc5 $142 42. exd6+ Kxd6 43. Bg3+ Kc6) 42. Ke2 $17 Nxe5 43. Nb3 Rc2+ 44. Kd1 Ra2 45. Nxa5 Nc2 46. Bh4+ {[#]} (46. Rb7+ $11 {and White stays safe.} Kf6 47. Rb6+ Kg5 48. Bd2+ Kh4 49. Nb3) 46... Kd7 (46... f6 $1 $19 {( -> ...Ne3+)} 47. Bf2 d4) 47. Rb7+ $15 Kc8 48. Bg3 $1 {[%cal Rg3e5]} f6 (48... Ne3+ $15 49. Kc1 f6) 49. Bxe5 $1 $11 fxe5 50. Rxg7 {[%mdl 4096] Endgame g5 is the strong threat. KRN-KRN} Ne3+ 51. Kc1 $1 {aiming for g5.} d4 {Strongly threatening ...d3.} 52. Nb3 $2 {[%mdl 8192]} (52. Kb1 $11 Rxa4 53. g5 Rxa5 54. gxh6) 52... d3 $2 (52... Rc2+ $19 53. Kb1 d3 54. Rg8+ Kd7 55. Rg7+ Ke6 56. Rg6+ Kd5) 53. Rg8+ $1 $15 Kc7 {[%mdl 1024] Black has strong compensation.} 54. Rg7+ $2 {[%mdl 8192]} (54. Kb1 $17 Rxa4 55. Rg7+ Kc6 56. Rg6+ Kd5 57. Rg7) 54... Kd8 55. Rg8+ Kc7 56. Rg7+ Kd6 57. Rg6+ Kd5 58. Rg8 Rc2+ 59. Kb1 Kc4 60. Na1 Rf2 (60... Rh2 $142 61. Rc8+ Kb4) 61. Rc8+ $19 Kb4 62. Rb8+ Kxa4 63. Ra8+ (63. Nb3 $142 Rc2 64. Rd8 Kxb3 65. Rxd3+ Rc3 66. Rd7) 63... Kb4 64. Rb8+ Kc3 65. Rb3+ Kd4 66. Rb8 Rxf3 (66... Nc4 $142 67. Rb4 d2 68. Rxc4+ Kxc4) 67. Nb3+ Kc3 68. Nc5 d2 69. Ne4+ Kd3 70. Nxd2 Kxd2 {KRN-KR} 71. Rg8 Rg3 72. g5 hxg5 {Black mates.} 73. h6 Rh3 74. Rxg5 e4 75. Re5 Kd3 76. Re6 Nf5 77. Ra6 Rxh6 78. Ra3+ Kd2 79. Ra5 Rf6 80. Rd5+ Ke1 81. Kc2 Ne3+ {[%mdl 64] Double Attack} 82. Kb1 Nxd5 83. Ka1 e3 84. Ka2 e2 85. Ka1 Kd2 86. Kb2 e1=B 87. Kb3 Kd3 88. Kb2 Rb6+ 89. Ka3 Kc4 90. Ka2 Nc3+ 91. Ka1 Rb1# {Accuracy: White = 46%, Black = 62%.} 0-1

[Event "Kragero Resort Chess A 2019"]
[Site "Kragero"]
[Date "2019.02.24"]
[Round "9.27"]
[White "Birkisson, Bjorn Holm"]
[Black "Skaslien, Ingrid"]
[Result "1-0"]
[WhiteElo "2078"]
[BlackElo "1828"]
[Annotator "NA RC"]
[PlyCount "67"]
[EventDate "2019.02.20"]
[EventType "swiss"]
[EventCountry "NOR"]
[SourceTitle "playchess.com"]
[Source "ChessBase"]
[SourceQuality "1"]
[TimeControl "5400+30"]

1. d4 {[%emt 0:02:38]} Nf6 {[%emt 0:00:00]} 2. Bf4 {[%emt 0:00:34]} e6 {[%emt 0:01:03]} 3. e3 {[%emt 0:00:58]} b6 {[%emt 0:01:53]} 4. Nf3 {[%emt 0:00:47]} Bb7 {[%emt 0:00:27]} 5. Nbd2 {[%emt 0:00:15]} Be7 {[%emt 0:01:38]} 6. Bd3 {[%emt 0:00:34]} O-O {[%emt 0:01:00]} 7. h3 {[%emt 0:03:20]} c5 {[%emt 0:05:53]} 8. c3 {[%emt 0:00:20]} d6 {[%emt 0:02:24]} 9. O-O {[%emt 0:00:45]} Nbd7 {[%emt 0:02:27]} 10. e4 {[%emt 0:00:42]} cxd4 {[%emt 0:07:22]} 11. cxd4 {[%emt 0:00:38]} d5 {[%emt 0:00:53]} 12. e5 {[%emt 0:00:16]} Ne4 {[%emt 0:03:22]} 13. Qb1 {[%emt 0:00:25]} f5 {[%emt 0:07:46]} 14. exf6 {[%emt 0:01:06]} Ndxf6 {[%emt 0:00:27]} 15. Be5 {[%emt 0:01:41]} Bd6 {[%emt 0:06:18]} 16. Re1 {[%emt 0:00:59]} Bxe5 {[%emt 0:04:40]} 17. dxe5 {[%emt 0:01:05]} Nh5 {[%emt 0:01:00]} 18. Nxe4 {[%emt 0:01:08]} dxe4 {[%emt 0:00:15]} 19. Bxe4 {[%emt 0:00:12]} Bxe4 {[%emt 0:00:22]} 20. Qxe4 {[%emt 0:00:18]} Nf4 {[%emt 0:00:37]} 21. Kh2 {[%emt 0:02:39]} Qe8 {[%emt 0:04:24]} 22. g3 {[%emt 0:01:54]} Ng6 {[%emt 0:03:04]} 23. Re2 {[%emt 0:04:45]} Rd8 {[%emt 0:03:16]} 24. Rc1 {[%emt 0:09:07]} Rd5 {[%emt 0:04:22]} 25. Rc7 {[%emt 0:05:54]} a6 {[%emt 0:04:50]} 26. Qg4 {[%emt 0:07:27]} Rf7 {[%emt 0:13:15]} 27. Rxf7 {[%emt 0:01:17]} Qxf7 {[%emt 0:00:31]} 28. Ng5 {[%emt 0:02:23]} Qe8 {[%emt 0:03:17]} 29. Nxe6 {[%emt 0:02:54]} Qf7 {[%emt 0:05:15]} 30. Ng5 {[%emt 0:03:11]} Qe7 {[%emt 0:01:50]} 31. Qc4 {[%emt 0:01:17]} Qd8 {[%emt 0:01:57]} 32. Rd2 {[%emt 0:00:43]} Ne7 {[%emt 0:00:51]} 33. Rxd5 {[%emt 0:01:08]} Qxd5 {[%emt 0:00:53]} 34. Qxd5+ {[%emt 0:00:50]} 1-0

[Event "Kragero Resort Chess A 2019"]
[Site "Kragero"]
[Date "2019.02.24"]
[Round "9.28"]
[White "Harstad, Christian"]
[Black "Jonsson, Gauti Pall"]
[Result "0-1"]
[WhiteElo "1948"]
[BlackElo "2070"]
[Annotator "NA RC"]
[PlyCount "104"]
[EventDate "2019.02.20"]
[EventType "swiss"]
[EventCountry "NOR"]
[SourceTitle "playchess.com"]
[Source "ChessBase"]
[SourceQuality "1"]
[TimeControl "5400+30"]

1. d4 {[%emt 0:00:00]} e6 {[%emt 0:00:33]} 2. c4 {[%emt 0:01:03]} f5 {[%emt 0:00:47]} 3. Nc3 {[%emt 0:01:23]} Nf6 {[%emt 0:00:32]} 4. e3 {[%emt 0:05:23]} Bb4 {[%emt 0:01:18]} 5. Bd3 {[%emt 0:02:16]} b6 {[%emt 0:02:02]} 6. Nf3 {[%emt 0:04:41]} Bb7 {[%emt 0:03:33]} 7. Qc2 {[%emt 0:01:10]} O-O {[%emt 0:00:52]} 8. a3 {[%emt 0:05:26]} Bxc3+ {[%emt 0:00:56]} 9. bxc3 {[%emt 0:00:10]} Nc6 {[%emt 0:04:51]} 10. Rb1 {[%emt 0:12:09]} Na5 {[%emt 0:01:26]} 11. c5 {[%emt 0:22:54]} Qe8 {[%emt 0:06:09]} 12. O-O {[%emt 0:08:05]} Qg6 {[%emt 0:09:33]} 13. Ne1 {[%emt 0:01:01]} d6 {[%emt 0:01:55]} 14. c4 {[%emt 0:04:48]} dxc5 {[%emt 0:01:47]} 15. Bd2 {[%emt 0:06:52]} Nc6 {[%emt 0:00:22]} 16. Bc3 {[%emt 0:01:06]} cxd4 {[%emt 0:01:42]} 17. exd4 {[%emt 0:00:15]} Ne7 {[%emt 0:00:46]} 18. f3 {[%emt 0:02:57]} Rad8 {[%emt 0:02:08]} 19. Qe2 {[%emt 0:01:42]} Nh5 {[%emt 0:02:22]} 20. Qe3 {[%emt 0:01:28]} Kh8 {[%emt 0:01:13]} 21. d5 {[%emt 0:00:47]} Rfe8 {[%emt 0:04:47]} 22. dxe6 {[%emt 0:04:16]} Rd6 {[%emt 0:02:41]} 23. c5 {[%emt 0:02:59]} Rxe6 {[%emt 0:01:02]} 24. Qc1 {[%emt 0:01:03]} Nd5 {[%emt 0:01:25]} 25. Bd2 {[%emt 0:00:59]} Ne3 {[%emt 0:00:56]} 26. Bxe3 {[%emt 0:00:30]} Rxe3 {[%emt 0:00:07]} 27. cxb6 {[%emt 0:00:29]} cxb6 {[%emt 0:05:16]} 28. Bb5 {[%emt 0:01:24]} R8e7 {[%emt 0:01:58]} 29. Nc2 {[%emt 0:00:41]} R3e5 {[%emt 0:01:25]} 30. Nd4 {[%emt 0:01:21]} h6 {[%emt 0:02:39]} 31. Qd2 {[%emt 0:02:05]} Qd6 {[%emt 0:01:21]} 32. Qb4 {[%emt 0:01:44]} Qg6 {[%emt 0:02:26]} 33. Rfe1 {[%emt 0:00:36]} Nf4 {[%emt 0:01:52]} 34. g3 {[%emt 0:00:39]} Rxe1+ {[%emt 0:01:23]} 35. Rxe1 {[%emt 0:00:16]} Rxe1+ {[%emt 0:00:08]} 36. Qxe1 {[%emt 0:00:10]} Qd6 {[%emt 0:01:10]} 37. Qe8+ {[%emt 0:01:36]} Kh7 {[%emt 0:01:06]} 38. Qe3 {[%emt 0:00:33]} Ng6 {[%emt 0:03:24]} 39. Bd3 {[%emt 0:00:37]} Qxa3 {[%emt 0:01:24]} 40. Nxf5 {[%emt 0:00:46]} Ba6 {[%emt 0:01:19]} 41. Bxa6 {[%emt 0:00:20]} Qxa6 {[%emt 0:00:15]} 42. h4 {[%emt 0:00:21]} Qa1+ {[%emt 0:01:07]} 43. Kh2 {[%emt 0:00:34]} Qb2+ {[%emt 0:00:40]} 44. Kh3 {[%emt 0:00:47]} Qb1 {[%emt 0:00:30]} 45. Nd4 {[%emt 0:00:30]} h5 {[%emt 0:02:02]} 46. Kg2 {[%emt 0:00:44]} Qa2+ {[%emt 0:00:16]} 47. Kh3 {[%emt 0:00:25]} Qd5 {[%emt 0:00:19]} 48. g4 {[%emt 0:00:38]} hxg4+ {[%emt 0:00:13]} 49. Kxg4 {[%emt 0:00:38]} Ne5+ {[%emt 0:01:29]} 50. Kg3 {[%emt 0:00:23]} Nc6 {[%emt 0:01:51]} 51. Nxc6 {[%emt 0:00:49]} Qxc6 {[%emt 0:00:05]} 52. Qd3+ {[%emt 0:00:14]} Qg6+ {[%emt 0:00:12]} 0-1

[Event "Kragero Resort Chess A 2019"]
[Site "Kragero"]
[Date "2019.02.24"]
[Round "9.29"]
[White "Bergsson, Stefan"]
[Black "Tenold, Andreas"]
[Result "1/2-1/2"]
[WhiteElo "2172"]
[BlackElo "1822"]
[Annotator "TA"]
[PlyCount "51"]
[EventDate "2019.02.20"]
[EventType "swiss"]
[EventCountry "NOR"]
[SourceTitle "playchess.com"]
[Source "ChessBase"]
[SourceQuality "1"]

{[%evp 13,51,0,0,-14,-16,-25,-21,-19,-10,-9,-21,-26,-33,-24,-26,-35,-31,-20,18,10,52,-18,-20,-29,-31,-45,-34,-48,-16,-49,-38,-49,-45,-44,-43,-43,-41,-45,-43,-53]} 1. e4 c5 2. Nf3 g6 3. c3 Bg7 4. d4 cxd4 5. cxd4 d5 6. exd5 Nf6 7. Nc3 Nxd5 {LiveBook: 162 Games} 8. Qa4+ {B14: Caro-Kann: Panov-Botvinnik Attack with 5...e6 and 5...g6} (8. Qb3 Nxc3 9. bxc3 O-O 10. h4 Nc6 11. Ba3 Be6 12. Qxb7 Bd5 13. Qa6 Qc7 14. Bc5 e5 15. Bc4 Bxf3 16. gxf3 exd4 17. Bxf8 Rxf8 {0-1 (34) Nakamura,H (2787)-Giri,A (2782) Leuven 2016 CBM 173 [Besenthal,K]}) 8... Bd7 9. Qb3 Nb6 10. Be2 {The position is equal.} O-O 11. O-O $146 ({Predecessor:} 11. Be3 Be6 12. Qd1 Nc6 13. b3 Rc8 14. Qd2 Qd7 15. O-O Rfd8 16. Rfd1 Bg4 17. Rac1 Bxf3 18. Bxf3 Nxd4 19. Bxd4 Qxd4 20. Qe2 Rxc3 21. Ra1 Rd3 {0-1 (21) Sudan,G (2054)-Campora,D (2493) Geneve 2011}) 11... Be6 12. Qc2 Nc6 13. Rd1 Nb4 ({Don't go for} 13... Nxd4 $2 14. Nxd4 Bxd4 15. Qe4 $18) ({Don't play} 13... Bxd4 $6 14. Qe4 $16) 14. Qd2 N4d5 15. Ne4 {[%cal Bc3e4,Be4c5,Bc5d3,Bd3e5][%mdl 32]} Rc8 16. Nc5 $1 Bg4 17. Qa5 ({White should play} 17. Nxb7 $14 Qc7 18. Nc5) 17... Qc7 $11 18. Nd3 Rfd8 $36 {[%mdl 2048] Black is pushing.} 19. Nde5 Bxf3 20. Bxf3 a6 21. a4 Nc4 {Black is slightly better.} 22. Qe1 e6 {[%cal Rc4e5]} 23. Bg5 {[#] And now Rac1 would win.} Re8 {[%cal Rc4e5]} 24. Rac1 Bxe5 25. dxe5 Qxe5 26. Qxe5 {Precision: White = 32%, Black = 75%.} 1/2-1/2

[Event "Kragero Resort Chess A 2019"]
[Site "Kragero"]
[Date "2019.02.24"]
[Round "9.30"]
[White "Saltvedt, Martin"]
[Black "Shehzad, Shazil"]
[Result "1/2-1/2"]
[WhiteElo "2095"]
[BlackElo "1959"]
[Annotator "NA RC"]
[PlyCount "34"]
[EventDate "2019.02.20"]
[EventType "swiss"]
[EventCountry "NOR"]
[SourceTitle "playchess.com"]
[Source "ChessBase"]
[SourceQuality "1"]
[TimeControl "5400+30"]

1. d4 {[%emt 0:00:17]} Nf6 {[%emt 0:02:36]} 2. Nf3 {[%emt 0:00:11]} c5 {[%emt 0:00:24]} 3. e3 {[%emt 0:03:03]} g6 {[%emt 0:00:20]} 4. c4 {[%emt 0:01:47]} cxd4 {[%emt 0:00:15]} 5. exd4 {[%emt 0:00:31]} d5 {[%emt 0:00:17]} 6. Nc3 {[%emt 0:00:41]} Bg7 {[%emt 0:00:19]} 7. cxd5 {[%emt 0:07:52]} Nxd5 {[%emt 0:00:42]} 8. Bc4 {[%emt 0:00:04]} Nxc3 {[%emt 0:00:13]} 9. bxc3 {[%emt 0:00:09]} O-O {[%emt 0:00:06]} 10. O-O {[%emt 0:00:18]} Qc7 {[%emt 0:00:49]} 11. Qb3 {[%emt 0:17:44]} e6 {[%emt 0:02:25]} 12. Ba3 {[%emt 0:02:10]} Re8 {[%emt 0:00:57]} 13. Rfe1 {[%emt 0:00:46]} Nc6 {[%emt 0:08:50]} 14. Bf1 {[%emt 0:02:49]} Bd7 {[%emt 0:02:02]} 15. Rad1 {[%emt 0:03:32]} Rac8 {[%emt 0:02:24]} 16. Qc2 {[%emt 0:10:57]} Na5 {[%emt 0:03:23]} 17. Ne5 {[%emt 0:07:16]} Nc6 {[%emt 0:19:08]} 1/2-1/2

[Event "Kragero Resort Chess A 2019"]
[Site "Kragero"]
[Date "2019.02.24"]
[Round "9.31"]
[White "Nilsen, Jarle"]
[Black "Unneland, Mathias"]
[Result "1-0"]
[WhiteElo "1845"]
[BlackElo "1890"]
[Annotator "NA RC"]
[PlyCount "51"]
[EventDate "2019.02.20"]
[EventType "swiss"]
[EventCountry "NOR"]
[SourceTitle "playchess.com"]
[Source "ChessBase"]
[SourceQuality "1"]
[TimeControl "5400+30"]

1. d4 {[%emt 0:00:00]} Nf6 {[%emt 0:00:00]} 2. c4 {[%emt 0:00:00]} g6 {[%emt 0:00:00]} 3. Nc3 {[%emt 0:00:00]} Bg7 {[%emt 0:00:00]} 4. Nf3 {[%emt 0:00:00]} O-O {[%emt 0:00:00]} 5. Bf4 {[%emt 0:00:00]} d6 {[%emt 0:00:28]} 6. h3 {[%emt 0:00:00]} c6 {[%emt 0:00:33]} 7. e3 {[%emt 0:00:00]} Nbd7 {[%emt 0:00:41]} 8. Be2 {[%emt 0:00:06]} Qe8 {[%emt 0:08:53]} 9. O-O {[%emt 0:00:34]} e5 {[%emt 0:01:08]} 10. Bh2 {[%emt 0:00:22]} Qe7 {[%emt 0:00:45]} 11. Re1 {[%emt 0:00:48]} Ne8 {[%emt 0:04:34]} 12. Rc1 {[%emt 0:09:40]} f5 {[%emt 0:03:25]} 13. b4 {[%emt 0:03:08]} a5 {[%emt 0:01:50]} 14. b5 {[%emt 0:04:04]} Nc7 {[%emt 0:02:08]} 15. bxc6 {[%emt 0:11:03]} bxc6 {[%emt 0:00:09]} 16. Na4 {[%emt 0:03:42]} Na6 {[%emt 0:03:24]} 17. c5 {[%emt 0:04:58]} dxc5 {[%emt 0:00:51]} 18. d5 {[%emt 0:03:38]} Rd8 {[%emt 0:06:37]} 19. dxc6 {[%emt 0:01:58]} Ndb8 {[%emt 0:01:46]} 20. Qb3+ {[%emt 0:02:20]} Be6 {[%emt 0:00:41]} 21. Bc4 {[%emt 0:01:22]} Bxc4 {[%emt 0:00:36]} 22. Qxc4+ {[%emt 0:00:02]} Kh8 {[%emt 0:00:13]} 23. Nxc5 {[%emt 0:05:30]} Nb4 {[%emt 0:06:29]} 24. Ne6 {[%emt 0:06:30]} N8xc6 {[%emt 0:01:32]} 25. Nxd8 {[%emt 0:03:15]} Rxd8 {[%emt 0:01:10]} 26. a3 {[%emt 0:01:17]} 1-0